Research on integrating ABC with other accounting methods and its applying in Vietnam : Doctor of Management - Major Accounting

Salvato in:
Dettagli Bibliografici
Autore principale: Huỳnh, Tấn Dũng
Natura: Luận văn
Lingua:Undetermined
Pubblicazione: Hunan University 2013
Soggetti:
Tags: Aggiungi Tag
Nessun Tag, puoi essere il primo ad aggiungerne! !
Thư viện lưu trữ: Trung tâm Thư viện - Trường Đại học Công nghiệp TP. Hồ Chí Minh
LEADER 00571nam a2200157Ia 4500
001 UIH_01955
008 230809s9999 xx 000 0 und d
082 |a 657 
100 |a Huỳnh, Tấn Dũng 
245 0 |a Research on integrating ABC with other accounting methods and its applying in Vietnam : Doctor of Management - Major Accounting 
245 0 |c Huỳnh, Tấn Dũng 
260 |b Hunan University 
260 |c 2013 
650 |a Kế toán 
927 |a Luận văn 
980 |a Trung tâm Thư viện - Trường Đại học Công nghiệp TP. Hồ Chí Minh